| 000 | 00521nam a2200181Ia 4500 | ||
|---|---|---|---|
| 001 | 16899 | ||
| 005 | 20260306170345.0 | ||
| 008 | 260306t2019||||xx |||||||||||||| ||und|| | ||
| 041 | _aESP | ||
| 082 |
_a657.3 _bF43R |
||
| 100 |
_aFerrer Quea, Alejandro _eAUT |
||
| 245 | 0 |
_aReconocimiento y medición de los ingresos de actividades ordinarias: _baplicación de los nuevos criterios en la NIIF 15 |
|
| 260 | _c2019 | ||
| 300 |
_a191 páginas : _c24 cm. |
||
| 650 | _aGEN | ||
| 654 | _aCCO | ||
| 942 |
_cLIB _dJUS _fJUS _2ddc _n |
||
| 999 |
_c16899 _d16899 |
||